QUEST Central Library Banner

Islami Meeras me Khandani Mansoobabandi (urdu) (Record no. 8831)

MARC details
000 -LEADER
fixed length control field 00258nam a2200109 4500
082 ## - DEWEY DECIMAL CLASSIFICATION NUMBER
Classification number ABD
100 ## - MAIN ENTRY--AUTHOR NAME
Personal name Abdul Rahim
245 ## - TITLE STATEMENT
Title Islami Meeras me Khandani Mansoobabandi (urdu)
260 ## - PUBLICATION, DISTRIBUTION, ETC. (IMPRINT)
Place of publication Islamabad:
Name of publisher United Nations,
Year of publication 1994.
300 ## - PHYSICAL DESCRIPTION
Number of Pages 507p. ;
942 ## - ADDED ENTRY ELEMENTS (KOHA)
Koha item type Books
Holdings
Withdrawn status Lost status Collection code Home library Current library Date acquired Full call number Accession Number Koha item type
    Reference Reference Section Reference Section 19/08/2014 ABD (Shelf - 18C) 18054 Books

Copyright © 2018,The QUEST, Nawabshah, Shaheed Benazirabad. All rights reserved
Mr. G. Farooq Channar (Librarian) QUEST, Nawabshah, Sindh, Pakistan 67480.
 Ph#: |   0244-9370381-4 Ext. 2308   Email| lib@quest.edu.pk   Web|  http://www.quest.edu.pk